<?xml version="1.0" encoding="UTF-8"?>
<record
    xmlns:xsi="http://www.w3.org/2001/XMLSchema-instance"
    xsi:schemaLocation="http://www.loc.gov/MARC21/slim http://www.loc.gov/standards/marcxml/schema/MARC21slim.xsd"
    xmlns="http://www.loc.gov/MARC21/slim">

  <leader>02965nam a2200349 a 4500</leader>
  <controlfield tag="001">ebr10482306</controlfield>
  <controlfield tag="003">CaPaEBR</controlfield>
  <controlfield tag="006">m        u        </controlfield>
  <controlfield tag="007">cr cn|||||||||</controlfield>
  <controlfield tag="008">100820s2011    cau     sb    001 0 eng d</controlfield>
  <datafield tag="010" ind1=" " ind2=" ">
    <subfield code="z">  2010035621</subfield>
  </datafield>
  <datafield tag="020" ind1=" " ind2=" ">
    <subfield code="z">9780804770781</subfield>
  </datafield>
  <datafield tag="020" ind1=" " ind2=" ">
    <subfield code="z">9780804781602 (e-book)</subfield>
  </datafield>
  <datafield tag="040" ind1=" " ind2=" ">
    <subfield code="a">CaPaEBR</subfield>
    <subfield code="c">CaPaEBR</subfield>
  </datafield>
  <datafield tag="035" ind1=" " ind2=" ">
    <subfield code="a">(OCoLC)740435887</subfield>
  </datafield>
  <datafield tag="043" ind1=" " ind2=" ">
    <subfield code="a">n-us---</subfield>
  </datafield>
  <datafield tag="050" ind1="1" ind2="4">
    <subfield code="a">Q127.U6</subfield>
    <subfield code="b">S3189 2011eb</subfield>
  </datafield>
  <datafield tag="082" ind1="0" ind2="4">
    <subfield code="a">338.9/26</subfield>
    <subfield code="2">22</subfield>
  </datafield>
  <datafield tag="245" ind1="0" ind2="4">
    <subfield code="a">The science of science policy</subfield>
    <subfield code="h">[electronic resource] :</subfield>
    <subfield code="b">a handbook /</subfield>
    <subfield code="c">edited by Kaye Husbands Fealing ... [et al.].</subfield>
  </datafield>
  <datafield tag="260" ind1=" " ind2=" ">
    <subfield code="a">Stanford, Calif. :</subfield>
    <subfield code="b">Stanford Business Books,</subfield>
    <subfield code="c">2011.</subfield>
  </datafield>
  <datafield tag="300" ind1=" " ind2=" ">
    <subfield code="a">386 p.</subfield>
  </datafield>
  <datafield tag="490" ind1="1" ind2=" ">
    <subfield code="a">Innovation and technology in the world economy</subfield>
  </datafield>
  <datafield tag="504" ind1=" " ind2=" ">
    <subfield code="a">Includes bibliographical references and index.</subfield>
  </datafield>
  <datafield tag="505" ind1="0" ind2=" ">
    <subfield code="a">Why policy implementation needs a science of science policy / John H. Marburger III -- Politics and the science of science policy / Harvey M. Sapolsky and Mark Zachary Taylor -- Sociology and the science of science policy / Walter W. Powell, Jason Owen-Smith, and Laurel Smith-Doerr -- The economics of science and technology policy / Richard B. Freeman -- A situated cognition view of innovation with implications for innovation policy / John S. Gero -- Technically focused policy analysis / M. Granger Morgan -- Science of science and innovation policy : the emerging community of practice / Irwin Feller -- Developing a science of innovation policy internationally / Fred Gault -- Analysis of public research, industrial R&amp;D, and commercial innovation : measurement issues underlying the science of science policy / Adam B. Jaffe -- The current state of data on the science and engineering workforce, entrepreneurship, and innovation in the United States / E.J. Reedy, Michael S. Teitelbaum, and Robert E. Litan -- Legacy and new databases for linking innovation to impact / Lynne Zucker and Michael Darby -- A vision of data and analytics for the science of science policy / Jim Thomas and Susan Albers Mohrman -- Science policy : a federal budgeting view / Kei Koizumi -- The problem of political design in federal innovation organization / William B. Bonvillian -- Science policy and the Congress / David Goldston -- Institutional ecology and the social outcomes of scientific research / Daniel Sarewitz -- Science policy in a complex world : lessons from the European experience / Janez Poto&#xFFFD;cnik.</subfield>
  </datafield>
  <datafield tag="533" ind1=" " ind2=" ">
    <subfield code="a">Electronic reproduction.</subfield>
    <subfield code="b">Palo Alto, Calif. :</subfield>
    <subfield code="c">ebrary,</subfield>
    <subfield code="d">2013.</subfield>
    <subfield code="n">Available via World Wide Web.</subfield>
    <subfield code="n">Access may be limited to ebrary affiliated libraries.</subfield>
  </datafield>
  <datafield tag="650" ind1=" " ind2="0">
    <subfield code="a">Science and state</subfield>
    <subfield code="z">United States.</subfield>
  </datafield>
  <datafield tag="655" ind1=" " ind2="7">
    <subfield code="a">Electronic books.</subfield>
    <subfield code="2">local</subfield>
  </datafield>
  <datafield tag="700" ind1="1" ind2=" ">
    <subfield code="a">Fealing, Kaye Husbands.</subfield>
  </datafield>
  <datafield tag="710" ind1="2" ind2=" ">
    <subfield code="a">ebrary, Inc.</subfield>
  </datafield>
  <datafield tag="830" ind1=" " ind2="0">
    <subfield code="a">Innovation and technology in the world economy.</subfield>
  </datafield>
  <datafield tag="856" ind1="4" ind2="0">
    <subfield code="u">http://site.ebrary.com/lib/rucke/Doc?id=10482306</subfield>
    <subfield code="z">An electronic book accessible through the World Wide Web; click to view</subfield>
  </datafield>
  <datafield tag="999" ind1=" " ind2=" ">
    <subfield code="c">122130</subfield>
    <subfield code="d">122130</subfield>
  </datafield>
</record>
